[Event "Bosnjaci op 27th"]
[Site "Bosnjaci"]
[Date "2023.01.04"]
[Round "2"]
[White "Mestrovic, Toni"]
[Black "Bobanac, Miro"]
[Result "0-1"]
[WhiteElo "1916"]
[BlackElo "2237"]
[PlyCount "136"]
[EventDate "2023.01.03"]
[EventType "swiss"]
[EventRounds "9"]
[EventCountry "CRO"]
[SourceTitle "CBM 212 Extra"]
[Source "ChessBase"]
[SourceDate "2023.03.31"]
[SourceVersion "1"]
[SourceVersionDate "2023.03.31"]
[SourceQuality "1"]

1. e4 Nf6 2. Nc3 d5 3. e5 d4 4. exf6 dxc3 5. fxg7 cxd2+ 6. Qxd2 Qxd2+ 7. Bxd2 Bxg7 8. 0-0-0 Bf5 9. Ne2 Nc6 10. Bc3 0-0 11. Bxg7 Kxg7 12. Ng3 Be6 13. Nh5+ Kg8 14. Nf4 Bf5 15. Bd3 Bxd3 16. Rxd3 Rfd8 17. Rhd1 Rd6 18. Nd5 Rc8 19. f4 Kf8 20. f5 Ne5 21. Rh3 Rcd8 22. Nc3 Rxd1+ 23. Nxd1 Kg7 24. Nf2 Rd4 25. f6+ exf6 26. Rg3+ Kf8 27. b3 h5 28. Nd1 h4 29. Rc3 c6 30. Ne3 Rf4 31. Kd1 h3 32. gxh3 Rf2 33. Ke1 Rxh2 34. Nf5 b6 35. b4 Ke8 36. Ra3 Kd7 37. Rxa7+ Ke6 38. Ng7+ Kd5 39. Nh5 Kd4 40. Nxf6 Rxh3 41. Re7 Re3+ 42. Kd1 Rf3 43. Nd7 Ng6 44. Re8 b5 45. Nc5 Kc3 46. Rc8 Ne5 47. Nd3 Nxd3 48. Rxc6+ Kxb4 49. cxd3 Rxd3+ 50. Ke2 Ra3 51. Rc2 Rc3 52. Rd2 f5 53. Rd5 Rc5 54. Rd2 Rc3 55. Rd5 f4 56. Rf5 Rc2+ 57. Kd1 Rxa2 58. Rxf4+ Ka3 59. Kc1 b4 60. Kb1 Rb2+ 61. Kc1 Ka2 62. Rf8 Rg2 63. Rh8 Rg1+ 64. Kc2 b3+ 65. Kc3 Rc1+ 66. Kb4 Rg1 67. Rh7 Rg3 68. Ra7+ Kb2 0-1

[Event "Hum na Sutli op 14th"]
[Site "Hum na Sutli"]
[Date "2022.08.20"]
[Round "2"]
[White "Ghersinich, Enrico"]
[Black "Mestrovic, Toni"]
[Result "1/2-1/2"]
[WhiteElo "2177"]
[BlackElo "1919"]
[PlyCount "137"]
[EventDate "2022.08.20"]
[EventType "swiss"]
[EventRounds "9"]
[EventCountry "CRO"]
[SourceTitle "CBM 210 Extra"]
[Source "ChessBase"]
[SourceDate "2022.11.30"]
[SourceVersion "1"]
[SourceVersionDate "2022.11.30"]
[SourceQuality "1"]

1. e4 Nf6 2. e5 Nd5 3. d4 d6 4. c4 Nb6 5. exd6 cxd6 6. Nc3 g6 7. Be3 Bg7 8. Rc1 0-0 9. b3 Nc6 10. d5 Ne5 11. Be2 f5 12. Nf3 Nxf3+ 13. Bxf3 Nd7 14. Bd4 Ne5 15. Be2 f4 16. f3 Bd7 17. 0-0 a6 18. Ne4 Qa5 19. Kh1 Rac8 20. Bc3 Qd8 21. Qd2 h6 22. Bd4 b5 23. c5 Bf5 24. a4 dxc5 25. Bxc5 Qd7 26. axb5 axb5 27. Rfd1 Bxe4 28. fxe4 f3 29. Bxf3 Nxf3 30. gxf3 Rxf3 31. Qg2 Qh3 32. Bxe7 Rxc1 33. Rxc1 Qh5 34. Rg1 Rxb3 35. Qxg6 Qxg6 36. Rxg6 Kf7 37. Re6 Rb2 38. Bc5 Rc2 39. Re7+ Kg6 40. Re6+ Kf7 41. Bd6 Rc4 42. Re7+ Kg6 43. Kg2 b4 44. Kf3 b3 45. Rb7 b2 46. Rxg7+ Kxg7 47. Be5+ Kf7 48. Bxb2 Rc2 49. Be5 Ra2 50. Kg4 Kg6 51. Bg3 h5+ 52. Kf4 h4 53. Bxh4 Rxh2 54. Bg3 Ra2 55. Ke5 Kf7 56. Kf5 Ra5 57. Bh4 Ke8 58. Be1 Ra1 59. Bc3 Rc1 60. Bb4 Rb1 61. Bc5 Kd7 62. Be3 Rd1 63. Ke5 Rd3 64. Bg5 Rd1 65. Bf6 Rd3 66. Kf5 Rd1 67. Kg6 Rxd5 68. exd5 Kd6 69. Kf5 1/2-1/2

[Event "Krapina op 10th"]
[Site "Krapina"]
[Date "2020.01.16"]
[Round "1"]
[White "Veverec, Ivo"]
[Black "Mestrovic, Toni"]
[Result "0-1"]
[WhiteElo "1768"]
[BlackElo "2026"]
[PlyCount "42"]
[EventDate "2020.01.16"]
[EventType "swiss"]
[EventRounds "7"]
[EventCountry "CRO"]
[SourceTitle "CBM 194 Extra"]
[Source "ChessBase"]
[SourceDate "2020.03.31"]
[SourceVersion "1"]
[SourceVersionDate "2020.03.31"]
[SourceQuality "1"]

1. e4 Nf6 2. Nc3 e5 3. Nf3 Nc6 4. Bc4 Nxe4 5. Bxf7+ Kxf7 6. Nxe4 d5 7. Neg5+ Kg8 8. d3 Bd6 9. Ng1 h6 10. N5f3 Qf6 11. h3 Be6 12. c3 e4 13. dxe4 dxe4 14. Nd4 Ne5 15. Nxe6 Nd3+ 16. Kd2 Qxe6 17. Ne2 Nxf2 18. Qf1 Qd5+ 19. Kc2 Qd3+ 20. Kb3 Nxh1 21. Qxh1 Qb5+ 0-1

[Event "Krapina op 9th"]
[Site "Krapina"]
[Date "2019.01.18"]
[Round "2"]
[White "Mestrovic, Toni"]
[Black "Novosel, Vladimir"]
[Result "1/2-1/2"]
[WhiteElo "2038"]
[BlackElo "1896"]
[PlyCount "120"]
[EventDate "2019.01.17"]
[EventType "swiss"]
[EventRounds "7"]
[EventCountry "CRO"]
[SourceTitle "CBM 188 Extra"]
[Source "ChessBase"]
[SourceDate "2019.02.26"]
[SourceVersion "1"]
[SourceVersionDate "2019.02.26"]
[SourceQuality "1"]

1. e4 c6 2. d3 d5 3. Nd2 Nd7 4. Ngf3 dxe4 5. dxe4 Nb6 6. a4 Bg4 7. a5 Nd7 8. Bc4 e6 9. c3 Ne5 10. Qc2 Bxf3 11. gxf3 Qf6 12. Be2 0-0-0 13. Rg1 g6 14. Rg3 Bh6 15. Nb3 Bxc1 16. Qxc1 Nd3+ 17. Bxd3 Rxd3 18. Nc5 Rd8 19. Qe3 Qe5 20. f4 Qc7 21. Ke2 Nf6 22. Rgg1 Rhe8 23. Rgd1 Nd5 24. Qf3 Qxf4 25. Nd3 Qxf3+ 26. Kxf3 Nc7 27. Ne5 Re7 28. a6 Rxd1 29. axb7+ Kxb7 30. Rxd1 f6 31. Nd7 Ne8 32. e5 fxe5 33. Nxe5 Nc7 34. Rd6 c5 35. Nd7 Rf7+ 36. Kg3 Rf5 37. f4 Rd5 38. Rxd5 exd5 39. Nxc5+ Kc6 40. Nd3 Ne6 41. h4 a5 42. h5 Kb5 43. Ne5 Ka4 44. Nxg6 Kb3 45. f5 Nd8 46. Ne7 Kxb2 47. Nxd5 Kb3 48. Kf4 a4 49. Ke5 a3 50. Nb4 Kxc3 51. Na2+ Kb2 52. Nb4 Nc6+ 53. Nxc6 a2 54. f6 a1Q 55. f7 Kb3+ 56. Nd4+ Kc4 57. f8Q Qxd4+ 58. Ke6 Qd5+ 59. Kf6 Qxh5 60. Qg8+ Kd4 1/2-1/2

[Event "Hum na Sutli op 11th"]
[Site "Hum na Sutli"]
[Date "2017.08.28"]
[Round "4"]
[White "Babic, Mladen"]
[Black "Mestrovic, Toni"]
[Result "0-1"]
[WhiteElo "1835"]
[BlackElo "2044"]
[PlyCount "90"]
[EventDate "2017.08.25"]
[EventType "swiss"]
[EventRounds "9"]
[EventCountry "CRO"]
[SourceTitle "EXT 2018"]
[Source "ChessBase"]
[SourceDate "2017.10.13"]
[SourceVersion "1"]
[SourceVersionDate "2017.10.13"]
[SourceQuality "1"]

1. d4 f5 2. Bg5 g6 3. Nc3 Nh6 4. e4 Nf7 5. Bd2 fxe4 6. Nxe4 Bg7 7. Nf3 d5 8. Ng3 0-0 9. h4 Bg4 10. Be3 e5 11. Be2 Bxf3 12. gxf3 Nc6 13. c3 exd4 14. Bxd4 Nxd4 15. cxd4 Qf6 16. h5 Rae8 17. hxg6 hxg6 18. Qd3 c5 19. Kf1 cxd4 20. Rc1 Ng5 21. Rc7 Nxf3 22. Bxf3 Qxf3 23. Rxg7+ Kxg7 24. Qxd4+ Rf6 25. Rg1 b6 26. Rg2 Rc8 27. Kg1 Rc1+ 28. Kh2 Rc4 29. Qd2 Rh4+ 30. Kg1 Rg4 31. Qe1 Kf7 32. Rh2 Re6 33. Rh7+ Kf6 34. Qc3+ Qxc3 35. bxc3 Ra4 36. Rd7 Ke5 37. Nf1 Rxa2 38. Ne3 Rd6 39. Rc7 a5 40. Kg2 a4 41. Kg3 a3 42. Re7+ Re6 43. Rd7 Rd2 44. f3 Rc6 45. Re7+ Kd6 0-1